000 00352nam a2200133Ia 4500
005 20260326235441.0
008 260326s9999||||xx |||||||||||||| ||und||
100 _aToussaint, Manuel
245 0 _aOaxaca y Tasco :
_b Guía de emociones /
_cManuel Toussaint
260 _bFondo de Cultura Económica
300 _a174 p.
650 _aCIUDAD
942 _cBK
999 _c7404
_d7404